Score 0/30 Timer 05:00
0 Plays Today
% Correct
Full House
93.8%
Fox Hunting
89.8%
French Onion Soup
84.3%
Free Diving
81.8%
Fishing
81.7%
Free Verse
81.6%
Feta Cheese
80.8%
Fear Factor
80.5%
Flying Fish
74%
Friday Night Lights
72.8%
Ferret
71.6%
Fava Beans
71.6%
Falcon
67.2%
Frozen Yogurt
66.9%
Fourth Wall
66.2%
% Correct
Field Hockey
65.7%
Fawlty Towers
62.9%
Futurama
61.8%
Frisbee
61.2%
Firefly
57.7%
Fort Lauderdale
55.2%
Figure of Speech
53.9%
Filet Mignon
52.2%
Flashback
51.9%
Frankfurt
51%
Flamingo
45.8%
Florence
24.5%
Freetown
22.9%
Foreshadowing
17.7%
Fukuoka
11.7%

You're not logged in!

Compare scores with friends on all Sporcle quizzes.
OR
Log In

Sporcle TV

Today on Sporcle TV


Watch our educational content, quiz creation guides, and fun videos on Sporcle TV.

Show Comments

Extras

Top Quizzes Today


Score Distribution

Your Account Isn't Verified!

In order to create a playlist on Sporcle, you need to verify the email address you used during registration. Go to your Sporcle Settings to finish the process.

Report this User

Report this user for behavior that violates our Community Guidelines.

Details: